02085namaa22002054ia450000500170000000800410001702000220005804000280008008200300010811000790013824501310021726001020034830000090045052109450045965001660140470000500157094200160162099900170163695202260165320250207144730.0250207b2020 dr adc|brin||o001 0cspa d a978-9945-499-60-5 aCGID0015cCGID0015erda04aIDEICE RD 372.4 L732i221 aInstituto Dominicana de Evaluación e Investigación Educativa (IDEICE). aLecturas divertidas para ti. Nivel 3. Versión para estudiantes :bVersión estudiantes, talleres de enseñanza recíproca aSanto Domingo :bInstituto Dominicana de Evaluación e Investigación Educativa (IDEICE).c2020 a155p aEl libro Lecturas divertidas para ti Nivel 3. Versión estudiantes, es el resultado del programa de investigación de los procesos de enseñanza y aprendizaje escolar que lleva a cabo el Instituto Dominicana de Evaluación e Investigación Educativa (IDEICE). En esta guía perteneciente a talleres de enseñanza recíproca, los estudiantes aprenderán las cuatro estrategias de comprensión lectora basadas en el método de enseñanza recíproca, siendo estas estrategias: predecir, preguntar, aclarar y resumir. Esta guía está diseñada para estudiantes de 4.o, 5.o y 6.o grado del nivel primario cuyo desempeño en comprensión lectora no sea el esperado para su grado. Se recomienda utilizar con estudiantes que logren decodificar y comprender literalmente lo que leen, pero que tengan dificultades al realizar comprensiones más profundas del tipo crítica o inferencial (información no explícita en el texto) aComprensión de lectura -- Ejercicios prácticos, Comprensión de lectura -- Estudio y enseñanza, Educación Primaria -- República Dominicana, Escritura. a de Lima Jiménez, Dinorah ; Rondón, Mabel 2ddccLIBn0 c12490d12490 00102ddc4070aRIbRId2025-02-07l0oIDEICE RD 372.4 L732ir2025-02-07 18:48:32uhttps://ideice.gob.do/documentacion/publicaciones-id-p1-125-lecturas-divertidas-para-ti-nivel-3-version-para-estudiantesw2025-02-07yLIB